Irwin Law The Law of Evidence (Sixth Edition) /

Detalles Bibliográficos
Autor principal: M. Paciocco, David
Otros Autores: Stuesser, Lee
Formato: eBook
Lenguaje:inglés
Publicado: Toronto: Irwin Law Inc., 2011
Edición:Lee Stuesser - Professor of Law, Bond University
Materias:
Acceso en línea:Acceso restringido

MARC

LEADER 00000nam a22000007a 4500
005 20171102190053.0
007 cr|||| ||||
008 171102s2011 xxc|||||s|||| 00||0 eng d
020 |a 978-1-55221-218-9 
035 |a 20683 
040 |a vLex 
090 |c 7194  |d 7194 
100 1 |a M. Paciocco, David 
245 1 0 |a Irwin Law  |h [Recurso electrn̤ico] :  |b The Law of Evidence (Sixth Edition) /  |c David M. Paciocco (Justice of the Ontario Court of Justice); Lee Stuesser (Professor of Law, Bond University) 
250 |a Lee Stuesser - Professor of Law, Bond University  
256 |a Servicio en ln̕ea 
260 |a Toronto:  |b Irwin Law Inc.,  |c 2011 
300 |a 1 recurso electrn̤ico 
506 1 |a Disponible solo en los productos indicados  |d vLex Global  |d vLex Global (Academic Edition, excluding Law Schools)  |d vLex Global (U.S. Academic Edition, Law Schools)  |d vLex Global (U.S. Academic Edition, excluding Law Schools)  |d vLex Global (Academic Edition, Law Schools) 
650 0 4 |a Derecho Procesal  |z Canad̀ 
700 1 |a Stuesser, Lee 
740 0 |a vLex Libros (Servicio en ln̕ea) 
856 4 0 |u http://vlex.com/source/law-evidence-20683  |z Acceso restringido 
942 |c BOOK 
999 0 |a Procedure (Law)